| 000 | 01891nam a2200481 i 4500 | ||
|---|---|---|---|
| 001 | 32927 | ||
| 003 | KOSZ 005 | ||
| 005 | 20240405063059.0 | ||
| 008 | 980602s1998 pl a |000 0 pol | ||
| 015 | _aPB 6316/98 | ||
| 020 | _a8387341479 | ||
| 040 |
_aWA N _cWA N _dKOSZ 005/HR |
||
| 041 | 0 |
_apol _beng |
|
| 046 | _k1998 | ||
| 080 | _a331.56/.57(438)"1989/..." | ||
| 080 | _a316.334.5-057.19(438)"1989/..." | ||
| 245 | 0 | 0 |
_aMonografia bezrobocia popegeerowskiego / _cJózef Hozer [et al.]. |
| 260 |
_aSzczecin : _bWydawnictwo Naukowe US, _c1998. |
||
| 300 |
_a50, [1] s. : _b1 mapa, wykr. ; _c24 cm. |
||
| 336 |
_2rdacontent _aTekst _btxt |
||
| 337 |
_2rdamedia _aBez urządzenia pośredniczącego _bn |
||
| 338 |
_2rdacarrier _aWolumin _bnc |
||
| 380 | _aKsiążki | ||
| 388 | _a1901-2000 | ||
| 388 | _a1989-2000 | ||
| 490 | 1 |
_aRozprawy i Studia / Uniwersytet Szczeciński, _x0860-2751 ; _vt. 276. |
|
| 500 | _aNa s. tyt. także t. 350 oznaczający nr kolejny serii Rozprawy i Studia do nr 74 wydawanej przez WSP w Szczecinie. | ||
| 546 | _aStreszcz. ang. | ||
| 648 | 7 | _a1901-2000 | |
| 648 | 7 | _a1989-2000 | |
| 650 | 4 | _aObszary popegeerowskie | |
| 650 | 4 | _aBezrobocie | |
| 651 | 4 | _aBatowo (woj. zachodniopomorskie, pow. pyrzycki, gm. Lipiany) | |
| 651 | 4 | _aŁabuń Wielki (woj. zachodniopomorskie, pow. łobeski, gm. Resko) | |
| 651 | 4 | _aŁobez (woj. zachodniopomorskie) | |
| 658 | _aGospodarka, ekonomia, finanse | ||
| 658 | _aSocjologia i społeczeństwo | ||
| 700 | 1 |
_aHozer, Józef _d(1948- ) _eRedakcja |
|
| 710 | 2 |
_aWydawnictwo Naukowe Uniwersytetu Szczecińskiego _b _4pbl. |
|
| 830 | 0 |
_aRozprawy i Studia - Uniwersytet Szczeciński _vt. 276 |
|
| 856 |
_uhttp://koha.tu.koszalin.pl/cgi-bin/koha/opac-detail.pl?biblionumber=32927 _yKatalog online BPK |
||
| 942 |
_2UKD _cKS |
||
| 999 |
_c32927 _d32927 |
||